Producción de conocimiento en el feminismo: la mediación teórica como política para la acción /
La acción social, es uno de los pilares fundamentales del quehacer de la Universidad de Costa Rica. Apoyada en la docencia y en la investigación, la acción social es el medio a través del cual se promueve el desarrollo y el cambio social. Docentes y estudiantes realizan trabajos de diversa índole co...
में बचाया:
| मुख्य लेखक: | |
|---|---|
| स्वरूप: | मूलपाठ |
| विषय: | |
| टैग: |
टैग जोड़ें
कोई टैग नहीं, इस रिकॉर्ड को टैग करने वाले पहले व्यक्ति बनें!
|
MARC
| LEADER | 00000 a a2200000 04500 | ||
|---|---|---|---|
| 001 | 13721 | ||
| 003 | |||
| 040 | |||
| 100 | |a Lardone Curbelo, Luz Marina | ||
| 245 | |a Producción de conocimiento en el feminismo: |b la mediación teórica como política para la acción / |c Luz Marina Lardone Curbelo | ||
| 520 | |a La acción social, es uno de los pilares fundamentales del quehacer de la Universidad de Costa Rica. Apoyada en la docencia y en la investigación, la acción social es el medio a través del cual se promueve el desarrollo y el cambio social. Docentes y estudiantes realizan trabajos de diversa índole con grupo y comunidades a lo largo y ancho del país. Adquieren conocimientos, habilidades y experiencias según su campo de acción. En este trabajo se compartirá con el lector las experiencias que la Escuela de Trabajo Social de la UCR ha tenido en este campo | ||
| 650 | |a FEMINISMO | ||
| 650 | |a MUJERES | ||
| 650 | |a CONOCIMIENTO | ||
| 773 | |g volumen 85, número 1 -2; páginas 361-372 | ||
| 999 | |c 30685 |d 30685 | ||
